Statistiken für Länder, die die meisten Artischocken produzieren

Klicken Sie hier um das Quiz zu spielen!

Allgemein

  • Dieses Quiz wurde 38 mal gespielt
  • Das Durchschnittsergebnis liegt bei 13 aus 20

Antwortstatistiken

Tonnen x 1000Land% Korrekt
5Mexiko
94%
199Spanien
94%
365Italien
91%
51Vereinigte Staaten
88%
32Griechenland
85%
32Türkei
85%
77China
82%
42Frankreich
79%
64Marokko
76%
388Ägypten
74%
54Algerien
68%
18Iran
68%
18Tunesien
62%
106Argentinien
53%
3Israel
53%
141Peru
50%
23Chile
41%
7Syrien
35%
2Zypern
35%
3Usbekistan
6%

Verteilung der Resultate

Perzentil nach korrekt beantworteten Fragen

Anzahl Personen mit jedem Resultat

Ihre Resultats-Entwicklung

Sie haben dieses Quiz noch nicht gespielt